000 00661nam a2200181Ia 4500
008 100921s9999 xx 000 0 und d
082 _b6418
_a801.95 थ 76
100 _aशिरवाडकर वसंत.
245 _aग्रह आणि आग्रह.
260 _bअभिनव प्रकाशन,मुंबई.
_c1976
300 _a148
_b---
365 _b12
520 _aललित-टीका,तत्वे,तंत्र.
630 _aग्रह आणि आग्रह.
650 _aललित-टीका,तत्वे,तंत्र.
730 _aग्रह आणि आग्रह.
942 _cBOOK
999 _c755531
_d755528